[Event "31. DSenEM2019-Gruppe-50"]
[Site "Radebeul"]
[Date "2019.04.30"]
[Round "5.16"]
[White "Sand, Rosemarie"]
[Black "Pichler, Manfred"]
[Result "0-1"]
[BlackElo "2017"]
[BlackTeam "USV Halle"]
[EventDate "2019.??.??"]
[PlyCount "70"]
[WhiteElo "1819"]
[WhiteTeam "SF Pfullingen"]

1. d4 Nf6 2. c4 e6 3. g3 d5 4. Nf3 Be7 5. Bg2 Nbd7 6. O-O O-O 7. Nbd2 c5 8. e3
b6 9. b3 Bb7 10. Bb2 Rc8 11. Rc1 dxc4 12. bxc4 Ne4 13. Nxe4 Bxe4 14. Qd2 Qc7
15. Rfd1 Rfd8 16. Ne1 Bxg2 17. Nxg2 Ne5 18. Qe2 cxd4 19. exd4 Nxc4 20. Ne3 b5
21. d5 Qb6 22. Bd4 Qa6 23. Qg4 e5 24. Nf5 Bf6 25. Ba1 g6 26. Nh4 Qxa2 27. Nf3
Qa6 28. Qe4 Qd6 29. h4 h5 30. Rd3 a6 31. Re1 Re8 32. Rb1 Qe7 33. Bc3 Nd6 34.
Qe1 e4 35. Bxf6 Qxf6  0-1

[Event "31. DSenEM2019-Gruppe-50"]
[Site "Radebeul"]
[Date "2019.04.30"]
[Round "5.17"]
[White "Spiess, Thomas"]
[Black "Eilmes, Franco"]
[Result "1-0"]
[BlackElo "1778"]
[BlackTeam "SV Traktor Priestewitz"]
[EventDate "2019.??.??"]
[PlyCount "75"]
[WhiteElo "1965"]
[WhiteTeam "SK Ricklingen"]

1. Nf3 Nf6 2. c4 g6 3. Nc3 Bg7 4. e4 d6 5. d4 O-O 6. Be2 Nbd7 7. O-O c5 8. d5
Re8 9. h3 Nf8 10. Bf4 N6d7 11. Qd2 Ne5 12. Rad1 Nfd7 13. Nh2 Nb6 14. b3 f6 15.
Bg3 Nbd7 16. f4 Nf7 17. Kh1 a6 18. Bd3 b6 19. Ng4 Nf8 20. Nh2 Ra7 21. Nf3 Nd7
22. Rfe1 Rb7 23. Re2 Nf8 24. e5 dxe5 25. fxe5 fxe5 26. Be4 Qd6 27. Qe1 Bf5 28.
Bxf5 gxf5 29. Nxe5 Bxe5 30. Bxe5 Qh6 31. Rd3 Ng6 32. Bh2 Nd8 33. d6 f4 34. Nd5
Kf7 35. Nxf4 Nxf4 36. Bxf4 Qg6 37. Rf3 e6 38. Be5+  1-0

[Event "31. DSenEM2019-Gruppe-50"]
[Site "Radebeul"]
[Date "2019.04.30"]
[Round "5.18"]
[White "Reitmaier, Adolf"]
[Black "Kaiser, Sebastian"]
[Result "0-1"]
[BlackElo "1920"]
[BlackTeam "SC GroÃŸrÃ¶hrsdorf"]
[EventDate "2019.??.??"]
[PlyCount "74"]
[WhiteElo "1476"]
[WhiteTeam "vereinslos"]

1. c4 c6 2. d4 d5 3. e3 Nf6 4. Nc3 Bf5 5. Bd3 Bxd3 6. Qxd3 e6 7. c5 Nbd7 8. Nf3
Be7 9. O-O Qc7 10. b4 O-O 11. a4 Rfe8 12. e4 dxe4 13. Nxe4 Nxe4 14. Qxe4 Nf6
15. Qf4 Qxf4 16. Bxf4 Nd5 17. Bd2 Bf6 18. Rfe1 a6 19. a5 Rad8 20. Rad1 h6 21.
h4 Nc7 22. Bc1 Nb5 23. Bb2 Rd5 24. Re4 Red8 25. Rde1 Nxd4 26. Nxd4 Bxd4 27.
Bxd4 Rxd4 28. g3 Kf8 29. Kg2 Ke7 30. Kf3 R8d5 31. Rxd4 Rxd4 32. Re4 Rxe4 33.
Kxe4 Kf6 34. f4 h5 35. Kd4 Kf5 36. Ke3 f6 37. Kf3 Kg6  0-1

[Event "31. DSenEM2019-Gruppe-50"]
[Site "Radebeul"]
[Date "2019.04.30"]
[Round "5.19"]
[White "LÃ¶w, Gerald"]
[Black "Becker, Michael"]
[Result "0-1"]
[BlackElo "2272"]
[BlackTeam "USV Halle"]
[EventDate "2019.??.??"]
[PlyCount "114"]
[WhiteElo "2157"]
[WhiteTeam "TSV Bindlach AktionÃ¤r"]

1. c4 c5 2. g3 Nc6 3. Bg2 g6 4. Nc3 Bg7 5. a3 d6 6. Rb1 a5 7. d3 e5 8. Nf3 Nge7
9. Nd2 O-O 10. Nf1 Rb8 11. Ne3 Nd4 12. b4 axb4 13. axb4 cxb4 14. Rxb4 Qa5 15.
Qa4 Qxa4 16. Rxa4 Bd7 17. Rb4 Nec6 18. Rb6 f5 19. O-O f4 20. Ned5 Nxe2+ 21.
Nxe2 f3 22. Bxf3 Rxf3 23. Be3 Bf5 24. Rd1 e4 25. d4 Bg4 26. Rd2 Rf7 27. Nec3
Ra8 28. Rb1 Bf3 29. Nb5 Bf8 30. Bf4 Ra4 31. Nb6 Ra6 32. Nc8 Na5 33. Rc2 Rd7 34.
d5 e3 35. Bxe3 Be4 36. Rbb2 Bxc2 37. Rxc2 Nb3 38. Bf4 Nc5 39. Re2 Nd3 40. Be3
Rf7 41. Bd4 Ne5 42. Bxe5 dxe5 43. d6 Rc6 44. Nba7 Rxc4 45. Rxe5 Rc1+ 46. Kg2
Rc2 47. Ne7+ Kg7 48. Nac8 Rfxf2+ 49. Kg1 Rg2+ 50. Kh1 Rxh2+ 51. Kg1 Rhd2 52.
Re1 Bxe7 53. dxe7 Rg2+ 54. Kh1 Rh2+ 55. Kg1 Rcg2+ 56. Kf1 Rh1+ 57. Kxg2 Rxe1 
0-1

[Event "31. DSenEM2019-Gruppe-50"]
[Site "Radebeul"]
[Date "2019.04.30"]
[Round "5.20"]
[White "SchÃ¶ttker, Jochen"]
[Black "MÃ¼ller, Rudolf"]
[Result "0-1"]
[BlackElo "2071"]
[BlackTeam "Karlsruher SF"]
[EventDate "2019.??.??"]
[PlyCount "68"]
[WhiteElo "1896"]
[WhiteTeam "SC Northeim"]

1. Nf3 b6 2. g3 Bb7 3. Bg2 e6 4. O-O f5 5. d4 Nf6 6. c4 Be7 7. b3 O-O 8. e3 Ne4
9. Nfd2 Na6 10. Nxe4 fxe4 11. a3 d5 12. Nd2 c5 13. Bb2 Bf6 14. Qe2 Rc8 15. Rfd1
Qe8 16. Rac1 Qf7 17. Bc3 Be7 18. Bb2 cxd4 19. Bxd4 Bxa3 20. Ra1 Bb4 21. f4 exf3
22. Nxf3 Bd6 23. cxd5 Bxd5 24. Rxa6 Bxf3 25. Qxf3 Qxf3 26. Bxf3 Rxf3 27. Rxa7
Bf8 28. Kg2 Rf5 29. g4 Rc2+ 30. Kg1 Rff2 31. e4 Rg2+ 32. Kf1 Rxh2 33. Bxb6 Rh1+
34. Bg1 Rxg1+  0-1

[Event "31. DSenEM2019-Gruppe-50"]
[Site "Radebeul"]
[Date "2019.04.30"]
[Round "5.21"]
[White "Steinert, Frank"]
[Black "Gerks, Joachim"]
[Result "1-0"]
[BlackElo "1777"]
[BlackTeam "SK Norderstedt"]
[EventDate "2019.??.??"]
[PlyCount "35"]
[WhiteElo "1960"]
[WhiteTeam "SV Dresden-Leuben"]

1. e4 c5 2. Nc3 b6 3. f4 Bb7 4. Nf3 e6 5. Bc4 Ne7 6. O-O d5 7. Bb5+ Nbc6 8. Ne5
d4 9. Ne2 a6 10. Bxc6+ Nxc6 11. Nxc6 Bxc6 12. d3 Be7 13. f5 exf5 14. Rxf5 Bd7
15. Rf2 Bg4 16. h3 Bxe2 17. Qxe2 Bg5 18. Qh5  1-0

[Event "31. DSenEM2019-Gruppe-50"]
[Site "Radebeul"]
[Date "2019.04.30"]
[Round "5.22"]
[White "Seils, Ralf"]
[Black "John, Bernd"]
[Result "1-0"]
[BlackElo "1796"]
[BlackTeam "SC Sonthofen"]
[EventDate "2019.??.??"]
[PlyCount "69"]
[WhiteElo "1954"]
[WhiteTeam "SF Nordost Berlin"]

1. b4 d5 2. Bb2 Nf6 3. e3 g6 4. Nf3 Bg7 5. Be2 O-O 6. O-O b6 7. b5 c5 8. c4 a6
9. a4 axb5 10. axb5 Rxa1 11. Bxa1 dxc4 12. Bxc4 Bb7 13. d4 Nbd7 14. Nbd2 Ne4
15. Nb3 Nd6 16. Be2 Qc7 17. dxc5 bxc5 18. Bxg7 Kxg7 19. Nbd2 Ra8 20. Qc2 Kg8
21. Rc1 Qa5 22. Nb3 Qa2 23. h3 Be4 24. Qd1 Qa7 25. Nfd2 Bb7 26. Qc2 Rc8 27. Ra1
Qb6 28. Nc4 Nxc4 29. Qxc4 Nf6 30. Rd1 Rd8 31. Rxd8+ Qxd8 32. Qxc5 Qd5 33. Qxd5
Bxd5 34. Nc5 Ne4 35. Nxe4  1-0

[Event "31. DSenEM2019-Gruppe-50"]
[Site "Radebeul"]
[Date "2019.04.30"]
[Round "5.23"]
[White "Weser, Dietmar"]
[Black "Lehr, Thomas"]
[Result "0-1"]
[BlackElo "1902"]
[BlackTeam "Husumer SV"]
[EventDate "2019.??.??"]
[PlyCount "56"]
[WhiteElo "1566"]
[WhiteTeam "SV Traktor Priestewitz"]

1. e4 Nf6 2. e5 Nd5 3. d4 d6 4. Nf3 dxe5 5. Nxe5 c6 6. c3 Nd7 7. Nxd7 Bxd7 8.
Be2 Bf5 9. O-O e6 10. a3 Bd6 11. g3 b5 12. Bg4 Bg6 13. Bf3 O-O 14. Bh5 Qf6 15.
f4 c5 16. Qf3 cxd4 17. Bxg6 hxg6 18. Qd3 dxc3 19. Nxc3 Bc5+ 20. Kh1 Nxc3 21.
bxc3 Rfd8 22. Qf3 Rac8 23. Bb2 Qf5 24. Rad1 Qc2 25. Rxd8+ Rxd8 26. Ba1 Rd2 27.
Qa8+ Kh7 28. f5 Rxh2#  0-1